Reputation Analysis of Selected European and US Brands in the Context of the COVID-19 Pandemic
Príspevok sa zaoberá problematikou udržateľného rozvoja firemnej reputácie, konkrétne problematikou tradičných a inovatívnych prístupov k riadeniu reputácie vybraných svetových značiek z hľadiska zmien, ktoré nastali na trhu počas pandémie COVID-19 v kontexte prebiehajúcej Triple Prechod. Hlavným ci...
Saved in:
| Main Author: | |
|---|---|
| Other Authors: | , , |
| Format: | Book Chapter |
| Language: | English |
| Subjects: | |
| Tags: |
No Tags, Be the first to tag this record!
|
MARC
| LEADER | 00000naa$a2200000$$$4500 | ||
|---|---|---|---|
| 001 | 0302803 | ||
| 005 | 20250529141446.5 | ||
| 041 | 0 | |a eng | |
| 044 | |a SG | ||
| 245 | 1 | 0 | |a Reputation Analysis of Selected European and US Brands in the Context of the COVID-19 Pandemic |c František Pollák, Peter Markovič, Michal Konečný, Mária Kmety Barteková |
| 520 | |a Príspevok sa zaoberá problematikou udržateľného rozvoja firemnej reputácie, konkrétne problematikou tradičných a inovatívnych prístupov k riadeniu reputácie vybraných svetových značiek z hľadiska zmien, ktoré nastali na trhu počas pandémie COVID-19 v kontexte prebiehajúcej Triple Prechod. Hlavným cieľom samotného príspevku je predstaviť dostupné spôsoby a metódy merania fenoménu reputácie, najmä online reputácie, ako modernej výzvy pre zodpovedný a trvalo udržateľný rozvoj vnímaného imidžu subjektov ako ich veľmi krehkého nehmotného majetku. Okrem toho je cieľom príspevku identifikovať a analyzovať zmeny, ktoré nastali v merateľných úrovniach reputácie vybraných subjektov počas pandémie. Preferované európske a americké značky vlastnené rodinnými podnikmi boli analyzované pomocou štandardizovanej multifaktorovej analýzy reputácie TOR vo virtuálnom prostredí internetu. | ||
| 610 | 2 | 0 | |a pandémia |
| 610 | 2 | 0 | |a udržateľnosť fiškálna |
| 610 | 2 | 0 | |a značky |
| 610 | 2 | 0 | |a trh |
| 610 | 2 | 0 | |a rozvoj hospodársky |
| 100 | 1 | |a Pollák, František, 1985- | |
| 700 | 1 | |a Markovič, Peter, 1974- | |
| 700 | 1 | |a Konečný, Michal, 1993- | |
| 700 | 1 | |a Kmety Barteková, Mária, 1992- | |